00613nam a2200169Ia 4500003000400000008004100004040001600045082001900061100004700080245017100127700003800298300000800336490001600344650001500360650001700375650005100392GCL140319s9999 xx 000 0 ara d aGCL / cGCL04a953.103bا ت1 aمحمد امين توفيق ( تحقيق)10aتاريخ اشراف الحجاز 1883-1840 : خلاصة الكلام فى بيان امراء البلد الحرام / cمحمد امين توفيق ( تحقيق)1 aاحمد بن زينى وحلان a107 aكتابv004aتاريخ04aالحجاز04aالمملكة العربية السعودية